Prisioneros del odio: las bases de la ira, la hostilidad y la violencia

Saved in:
Bibliografiske detaljer
Hovedforfatter: Beck, Aaron T (Author)
Format: Bog
Sprog:spansk
Udgivet: Barcelona Paidós 2003
Serier:Saberes Cotidianos, 38
Fag:
Tags: Tilføj Tag
Ingen Tags, Vær først til at tagge denne postø!

MARC

LEADER 00000cam a2200000 a 4500
001 UCI7721
003 CL-VaPUC
008 080718e20030000SP |||||||||||||||||spa|d
020 |a 8419313600 
082 0 4 |a 616.8582  |b BEC  |2 21 
100 0 |a Beck, Aaron T  |e author  |9 531007 
245 1 0 |a Prisioneros del odio: las bases de la ira, la hostilidad y la violencia 
300 |a 494 p 
942 |c BK 
945 |d 20080718 00:00:00  |a jtorresc 
260 |a Barcelona  |b Paidós  |c 2003 
650 0 |a Comportamiento violento  |9 531008 
650 0 |a Aspectos psicológicos  |9 258128 
650 0 |a Hostilidad  |9 308223 
650 0 |a Ira  |9 317589 
650 0 |a Odio  |9 312818 
583 |a last modification  |c 20140529 11:41:15  |k Rodrigo Vera 
490 0 |a Saberes Cotidianos, 38 
999 |c 330903  |d 330901 
952 |0 0  |1 0  |4 0  |6 616_858200000000000_BEC_2003  |7 0  |8 A  |9 416827  |a BIBHIS  |b BIBHIS  |d 2019-11-22  |i 4458796  |l 1  |o 616.8582 BEC 2003  |p 4458796  |r 2025-01-20  |s 2020-12-15  |w 2019-11-22  |y BK  |k HIS